Christmas Nail Art Quiz Stats

 Plays Quiz not verified by Sporcle

Score 0/20 Timer 07:00
0 Plays Today
% Correct
Santa Claus
99.8%
Reindeer
98.2%
Christmas Tree
98.2%
Snowman
97.6%
Christmas Presents
97.4%
Snowflakes
97.1%
Angels
96.9%
Bells
95.8%
Candle
95.1%
Christmas TV Shows
94.8%
% Correct
Holly
94.6%
Gingerbread stuff
94.2%
Candy Cane
94%
Elf
93.9%
Christmas Lights
93.5%
Star
93.4%
Wreath
87.8%
Christmas baubles
87.4%
Nativity Scene
85%
Poinsettia
67%

You're not logged in!

Compare scores with friends on all Sporcle quizzes.
Join for Free
OR
Log In

You Might Also Like...

Show Comments

Extras

Top Quizzes Today


Score Distribution

Your Account Isn't Verified!

In order to create a playlist on Sporcle, you need to verify the email address you used during registration. Go to your Sporcle Settings to finish the process.

Report this User

Report this user for behavior that violates our Community Guidelines.

Details: